[Event "GER-ch Blitz 2019"]
[Site "Magdeburg"]
[Date "2019.05.25"]
[Round "5.3"]
[White "Zelbel, Patrick"]
[Black "Kirchner, Thomas"]
[Result "1-0"]
[WhiteElo "2439"]
[BlackElo "2311"]
[Annotator "NA"]
[PlyCount "53"]
[EventDate "2019.05.25"]
[EventType "tourn"]
[EventCountry "GER"]
[Tiebreak "Number of wins+Number of black wins"]
[SourceTitle "playchess.com"]
[Source "ChessBase"]
[SourceQuality "1"]
[TimeControl "180+2"]

1. e4 {[%emt 0:00:00]} e5 {[%emt 0:00:00]} 2. f4 {[%emt 0:00:00]} Bc5 {[%emt 0:
00:00]} 3. Nf3 {[%emt 0:00:00]} d6 {[%emt 0:00:00]} 4. Nc3 {[%emt 0:00:01]} Nf6
{[%emt 0:00:03]} 5. Bc4 {[%emt 0:00:01]} Nc6 {[%emt 0:00:01]} 6. d3 {[%emt 0:
00:04]} a6 {[%emt 0:00:05]} 7. f5 {[%emt 0:00:02]} h6 {[%emt 0:00:02]} 8. a3 {
[%emt 0:00:04]} Nd4 {[%emt 0:00:10]} 9. Nd5 {[%emt 0:00:20]} c6 {[%emt 0:00:10]
} 10. Nxf6+ {[%emt 0:00:08]} Qxf6 {[%emt 0:00:02]} 11. c3 {[%emt 0:00:16]}
Nxf3+ {[%emt 0:00:35]} 12. Qxf3 {[%emt 0:00:01]} Bd7 {[%emt 0:00:19]} 13. Be3 {
[%emt 0:00:11]} O-O-O {[%emt 0:00:21]} 14. Bxc5 {[%emt 0:00:34]} dxc5 {[%emt 0:
00:01]} 15. Qe3 {[%emt 0:00:19]} Qe7 {[%emt 0:00:01]} 16. b4 {[%emt 0:00:08]}
cxb4 {[%emt 0:00:03]} 17. axb4 {[%emt 0:00:02]} Kc7 {[%emt 0:00:08]} 18. Rxa6 {
[%emt 0:00:20]} Ra8 {[%emt 0:00:18]} 19. Qb6+ {[%emt 0:00:07]} Kb8 {[%emt 0:00:
01]} 20. Rxa8+ {[%emt 0:00:05]} Kxa8 21. O-O Kb8 {[%emt 0:00:11]} 22. Ra1 {
[%emt 0:00:06]} Bc8 {[%emt 0:00:01]} 23. Ra7 {[%emt 0:00:13]} Qg5 {[%emt 0:00:
08]} 24. Ra1 {[%emt 0:00:13]} Qd2 {[%emt 0:00:05]} 25. Qa7+ {[%emt 0:00:03]}
Kc7 {[%emt 0:00:01]} 26. Qa5+ {[%emt 0:00:01]} Kb8 {[%emt 0:00:03]} 27. Qxe5# {
[%emt 0:00:02]} 1-0

[Event "GER-ch Blitz 2019"]
[Site "Magdeburg"]
[Date "2019.05.25"]
[Round "5.4"]
[White "Kopylov, Michael"]
[Black "Kopylov, Daniel"]
[Result "1/2-1/2"]
[WhiteElo "2413"]
[BlackElo "2263"]
[Annotator "NA"]
[PlyCount "31"]
[EventDate "2019.05.25"]
[EventType "tourn"]
[EventCountry "GER"]
[Tiebreak "Number of wins+Number of black wins"]
[SourceTitle "playchess.com"]
[Source "ChessBase"]
[SourceQuality "1"]
[TimeControl "180+2"]

1. e4 {[%emt 0:00:00]} c5 {[%emt 0:00:01]} 2. c3 {[%emt 0:00:03]} d5 {[%emt 0:
00:02]} 3. d3 {[%emt 0:00:03]} Nc6 {[%emt 0:00:07]} 4. Nf3 {[%emt 0:00:04]} Bg4
{[%emt 0:00:04]} 5. Nbd2 {[%emt 0:00:01]} e6 {[%emt 0:00:06]} 6. Be2 {[%emt 0:
00:06]} Bxf3 {[%emt 0:00:08]} 7. Nxf3 {[%emt 0:00:02]} dxe4 {[%emt 0:00:02]} 8.
dxe4 {[%emt 0:00:02]} Qxd1+ {[%emt 0:00:01]} 9. Kxd1 {[%emt 0:00:02]} Nf6 {
[%emt 0:00:12]} 10. Nd2 {[%emt 0:00:07]} O-O-O {[%emt 0:00:10]} 11. Kc2 {
[%emt 0:00:01]} Bd6 {[%emt 0:00:23]} 12. a4 {[%emt 0:00:14]} h5 {[%emt 0:00:08]
} 13. f3 {[%emt 0:00:13]} h4 {[%emt 0:00:05]} 14. Nc4 {[%emt 0:00:02]} Bc7 {
[%emt 0:00:33]} 15. Be3 {[%emt 0:00:03]} Nd7 {[%emt 0:00:01]} 16. a5 {[%emt 0:
00:15]} 1/2-1/2

[Event "GER-ch Blitz 2019"]
[Site "Magdeburg"]
[Date "2019.05.25"]
[Round "5.5"]
[White "Schmaltz, Roland"]
[Black "Ehmann, Thilo"]
[Result "1-0"]
[WhiteElo "2461"]
[BlackElo "2291"]
[Annotator "ChessBase"]
[PlyCount "65"]
[EventDate "2019.05.25"]
[EventType "tourn"]
[EventCountry "GER"]
[Tiebreak "Number of wins+Number of black wins"]
[SourceTitle "playchess.com"]
[Source "ChessBase"]
[SourceQuality "1"]
[TimeControl "180+2"]

1. e4 {[%emt 0:00:00]} c5 {[%emt 0:00:00]} 2. Nf3 {[%emt 0:00:00]} e6 {[%emt 0:
00:00]} 3. d4 cxd4 {[%emt 0:00:01]} 4. Nxd4 {[%emt 0:00:02]} a6 {[%emt 0:00:00]
} 5. c4 Qc7 6. Nc3 {[%emt 0:00:03]} Nf6 {[%emt 0:00:01]} 7. a3 {[%emt 0:00:00]}
Be7 {[%emt 0:00:04]} 8. Be2 {[%emt 0:00:02]} O-O {[%emt 0:00:01]} 9. O-O {
[%emt 0:00:02]} b6 {[%emt 0:00:03]} 10. Be3 {[%emt 0:00:01]} Bb7 {[%emt 0:00:
00]} 11. f3 {[%emt 0:00:01]} d6 {[%emt 0:00:13]} 12. Rc1 {[%emt 0:00:01]} Nbd7
{[%emt 0:00:01]} 13. Qd2 {[%emt 0:00:04]} Rac8 {[%emt 0:00:01]} 14. Rfd1 {
[%emt 0:00:02]} Qb8 {[%emt 0:00:04]} 15. b4 {[%emt 0:00:01]} Rfe8 {[%emt 0:00:
08]} 16. Bf1 {[%emt 0:00:14]} Bf8 {[%emt 0:00:16]} 17. Rc2 {[%emt 0:00:13]} Qa8
{[%emt 0:00:30]} 18. Na4 {[%emt 0:00:13]} d5 {[%emt 0:00:20]} 19. e5 {[%emt 0:
00:08]} dxc4 {[%emt 0:00:15]} 20. exf6 {[%emt 0:00:03]} b5 {[%emt 0:00:23]} 21.
fxg7 {[%emt 0:00:02]} Bxg7 {[%emt 0:00:03]} 22. Nc3 {[%emt 0:00:08]} Rcd8 {
[%emt 0:00:11]} 23. Bh6 {[%emt 0:00:12]} Ne5 {[%emt 0:00:17]} 24. Bxg7 {
[%emt 0:00:02]} Kxg7 {[%emt 0:00:00]} 25. Qg5+ {[%emt 0:00:01]} Ng6 {[%emt 0:
00:01]} 26. Rcd2 {[%emt 0:00:02]} h6 {[%emt 0:00:07]} 27. Qg3 {[%emt 0:00:13]}
Kh7 {[%emt 0:00:03]} 28. h4 {[%emt 0:00:07]} e5 {[%emt 0:00:07]} 29. Nf5 {
[%emt 0:00:09]} Rxd2 {[%emt 0:00:08]} 30. Rxd2 {[%emt 0:00:01]} Rg8 {[%emt 0:
00:01]} 31. Rd7 {[%emt 0:00:09]} Nf4 {[%emt 0:00:24]} 32. Rxf7+ Kh8 33. Rg7 {
[%emt 0:00:12]} 1-0

[Event "GER-ch Blitz 2019"]
[Site "Magdeburg"]
[Date "2019.05.25"]
[Round "5.6"]
[White "Braeuer, Franz"]
[Black "Stein, Robert"]
[Result "1/2-1/2"]
[WhiteElo "2445"]
[BlackElo "2318"]
[Annotator "NA"]
[PlyCount "117"]
[EventDate "2019.05.25"]
[EventType "tourn"]
[EventCountry "GER"]
[Tiebreak "Number of wins+Number of black wins"]
[SourceTitle "playchess.com"]
[Source "ChessBase"]
[SourceQuality "1"]
[TimeControl "180+2"]

1. e4 {[%emt 0:00:00]} e5 {[%emt 0:00:00]} 2. Nf3 Nc6 3. d4 {[%emt 0:00:01]}
exd4 {[%emt 0:00:00]} 4. Nxd4 {[%emt 0:00:01]} Bc5 {[%emt 0:00:01]} 5. Nb3 {
[%emt 0:00:01]} Bb4+ {[%emt 0:00:02]} 6. Nc3 {[%emt 0:00:00]} Nf6 {[%emt 0:00:
03]} 7. Bd3 {[%emt 0:00:02]} O-O {[%emt 0:00:13]} 8. O-O {[%emt 0:00:06]} h6 {
[%emt 0:00:15]} 9. Nd5 {[%emt 0:00:47]} Re8 {[%emt 0:00:06]} 10. Bf4 {[%emt 0:
00:22]} Nxd5 {[%emt 0:00:07]} 11. exd5 {[%emt 0:00:01]} Ne5 {[%emt 0:00:01]}
12. Be2 {[%emt 0:00:08]} Bf8 {[%emt 0:00:02]} 13. Qd2 {[%emt 0:00:09]} d6 {
[%emt 0:00:02]} 14. Nd4 {[%emt 0:00:06]} Bd7 {[%emt 0:00:26]} 15. Rfe1 {
[%emt 0:00:01]} Qf6 {[%emt 0:00:01]} 16. c4 {[%emt 0:00:12]} Ng6 {[%emt 0:00:
10]} 17. Be3 {[%emt 0:00:01]} Nh4 {[%emt 0:00:02]} 18. Bd3 {[%emt 0:00:13]} Nf5
{[%emt 0:00:05]} 19. Nxf5 {[%emt 0:00:05]} Bxf5 {[%emt 0:00:01]} 20. Bxf5 {
[%emt 0:00:01]} Qxf5 {[%emt 0:00:01]} 21. Bd4 {[%emt 0:00:05]} b6 {[%emt 0:00:
06]} 22. h3 {[%emt 0:00:03]} a5 {[%emt 0:00:12]} 23. b3 {[%emt 0:00:16]} Qd7 {
[%emt 0:00:09]} 24. Qd3 {[%emt 0:00:12]} Rxe1+ {[%emt 0:00:02]} 25. Rxe1 {
[%emt 0:00:01]} Re8 {[%emt 0:00:01]} 26. Rxe8 {[%emt 0:00:08]} Qxe8 {[%emt 0:
00:02]} 27. Kf1 {[%emt 0:00:01]} g6 {[%emt 0:00:07]} 28. Qe3 {[%emt 0:00:10]}
Qd7 {[%emt 0:00:15]} 29. Qe4 {[%emt 0:00:05]} Bg7 {[%emt 0:00:08]} 30. Be3 {
[%emt 0:00:01]} Qd8 {[%emt 0:00:03]} 31. g3 {[%emt 0:00:15]} Kh7 {[%emt 0:00:
24]} 32. Kg2 {[%emt 0:00:01]} h5 {[%emt 0:00:01]} 33. g4 {[%emt 0:00:14]} hxg4
{[%emt 0:00:03]} 34. hxg4 {[%emt 0:00:00]} Qh4 {[%emt 0:00:17]} 35. Qf3 {
[%emt 0:00:06]} Kg8 {[%emt 0:00:05]} 36. Qg3 {[%emt 0:00:06]} Qe7 {[%emt 0:00:
04]} 37. Qf3 {[%emt 0:00:02]} Qe5 {[%emt 0:00:01]} 38. Bf4 {[%emt 0:00:02]} Qb2
{[%emt 0:00:09]} 39. a4 {[%emt 0:00:00]} Qd4 {[%emt 0:00:04]} 40. Be3 {[%emt 0:
00:04]} Qd3 {[%emt 0:00:03]} 41. Bg5 {[%emt 0:00:01]} Qxf3+ {[%emt 0:00:05]}
42. Kxf3 f6 43. Bd2 {[%emt 0:00:03]} Kf7 {[%emt 0:00:05]} 44. Ke4 {[%emt 0:00:
02]} Ke7 {[%emt 0:00:01]} 45. b4 {[%emt 0:00:00]} axb4 {[%emt 0:00:02]} 46.
Bxb4 Kd7 47. a5 {[%emt 0:00:04]} bxa5 48. Bxa5 c5 {[%emt 0:00:09]} 49. Kd3 {
[%emt 0:00:08]} f5 {[%emt 0:00:08]} 50. gxf5 {[%emt 0:00:04]} gxf5 {[%emt 0:00:
01]} 51. Ke3 {[%emt 0:00:03]} Be5 {[%emt 0:00:02]} 52. Kf3 {[%emt 0:00:01]} Ke7
{[%emt 0:00:01]} 53. Bd2 {[%emt 0:00:02]} Kf6 {[%emt 0:00:01]} 54. Ba5 {
[%emt 0:00:05]} Kg6 {[%emt 0:00:05]} 55. Bd8 {[%emt 0:00:01]} Kh5 {[%emt 0:00:
02]} 56. Be7 {[%emt 0:00:01]} Kg6 {[%emt 0:00:01]} 57. Bh4 {[%emt 0:00:01]} Kh5
{[%emt 0:00:02]} 58. Be7 {[%emt 0:00:05]} Kg6 {[%emt 0:00:01]} 59. Bh4 {
[%emt 0:00:01]} 1/2-1/2

[Event "GER-ch Blitz 2019"]
[Site "Magdeburg"]
[Date "2019.05.25"]
[Round "5.7"]
[White "Zuyev, Igor"]
[Black "Buhmann, Rainer"]
[Result "1-0"]
[WhiteElo "2447"]
[BlackElo "2573"]
[Annotator "ChessBase"]
[PlyCount "91"]
[EventDate "2019.05.25"]
[EventType "tourn"]
[EventCountry "GER"]
[Tiebreak "Number of wins+Number of black wins"]
[SourceTitle "playchess.com"]
[Source "ChessBase"]
[SourceQuality "1"]
[TimeControl "180+2"]

1. e4 {[%emt 0:00:00]} e6 {[%emt 0:00:00]} 2. d4 {[%emt 0:00:00]} d5 {[%emt 0:
00:01]} 3. Nc3 {[%emt 0:00:00]} Nf6 {[%emt 0:00:02]} 4. Bg5 {[%emt 0:00:02]}
Be7 {[%emt 0:00:04]} 5. e5 {[%emt 0:00:02]} Nfd7 {[%emt 0:00:01]} 6. Bxe7 {
[%emt 0:00:02]} Qxe7 {[%emt 0:00:02]} 7. f4 {[%emt 0:00:02]} a6 {[%emt 0:00:07]
} 8. Nf3 {[%emt 0:00:06]} c5 {[%emt 0:00:01]} 9. dxc5 {[%emt 0:00:04]} Nxc5 {
[%emt 0:00:09]} 10. a3 {[%emt 0:00:03]} Nc6 {[%emt 0:00:02]} 11. Be2 {[%emt 0:
00:05]} O-O {[%emt 0:00:07]} 12. Nd4 {[%emt 0:00:09]} f6 {[%emt 0:00:08]} 13.
O-O {[%emt 0:00:04]} fxe5 {[%emt 0:00:03]} 14. Nxc6 {[%emt 0:00:05]} bxc6 {
[%emt 0:00:02]} 15. fxe5 {[%emt 0:00:01]} Rxf1+ {[%emt 0:00:06]} 16. Qxf1 {
[%emt 0:00:07]} Bb7 {[%emt 0:00:26]} 17. Qf2 {[%emt 0:00:07]} Nd7 {[%emt 0:00:
07]} 18. Rf1 {[%emt 0:00:05]} Nxe5 {[%emt 0:00:08]} 19. Qb6 {[%emt 0:00:05]} c5
{[%emt 0:00:45]} 20. Na4 {[%emt 0:00:05]} d4 {[%emt 0:00:23]} 21. Nxc5 {
[%emt 0:00:05]} Bd5 {[%emt 0:00:01]} 22. Rf2 {[%emt 0:00:08]} h5 {[%emt 0:00:
09]} 23. Nxa6 {[%emt 0:00:07]} Ng4 {[%emt 0:00:15]} 24. Bxg4 {[%emt 0:00:06]}
hxg4 {[%emt 0:00:02]} 25. Nb4 {[%emt 0:00:04]} Rf8 {[%emt 0:00:18]} 26. Rxf8+ {
[%emt 0:00:17]} Qxf8 {[%emt 0:00:02]} 27. Nxd5 {[%emt 0:00:19]} exd5 {[%emt 0:
00:01]} 28. Qe6+ {[%emt 0:00:03]} Kh8 {[%emt 0:00:04]} 29. Qxg4 {[%emt 0:00:06]
} Qc5 {[%emt 0:00:06]} 30. Qh3+ {[%emt 0:00:06]} Kg8 {[%emt 0:00:01]} 31. Qd3 {
[%emt 0:00:04]} Qe7 {[%emt 0:00:02]} 32. h3 {[%emt 0:00:05]} Qe1+ {[%emt 0:00:
05]} 33. Kh2 {[%emt 0:00:02]} Qe5+ {[%emt 0:00:01]} 34. g3 {[%emt 0:00:04]} Qe1
{[%emt 0:00:08]} 35. Kg2 {[%emt 0:00:17]} Qc1 {[%emt 0:00:02]} 36. b4 {[%emt 0:
00:04]} Qb2 {[%emt 0:00:02]} 37. b5 {[%emt 0:00:04]} Kf7 {[%emt 0:00:01]} 38.
Qf5+ {[%emt 0:00:05]} Ke7 {[%emt 0:00:01]} 39. Qe5+ {[%emt 0:00:06]} Kd8 {
[%emt 0:00:02]} 40. Qxd5+ {[%emt 0:00:05]} Kc8 {[%emt 0:00:01]} 41. Qc5+ {
[%emt 0:00:05]} Kb8 {[%emt 0:00:01]} 42. a4 {[%emt 0:00:05]} d3 {[%emt 0:00:05]
} 43. Qb6+ {[%emt 0:00:04]} Kc8 {[%emt 0:00:03]} 44. Qc6+ {[%emt 0:00:04]} Kb8
{[%emt 0:00:01]} 45. Qd6+ {[%emt 0:00:05]} Kb7 {[%emt 0:00:01]} 46. Qxd3 {
[%emt 0:00:04]} 1-0

[Event "GER-ch Blitz 2019"]
[Site "Magdeburg"]
[Date "2019.05.25"]
[Round "5.8"]
[White "Baskin, Robert"]
[Black "Frischmann, Rick"]
[Result "0-1"]
[WhiteElo "2398"]
[BlackElo "2320"]
[Annotator "NA"]
[PlyCount "49"]
[EventDate "2019.05.25"]
[EventType "tourn"]
[EventCountry "GER"]
[Tiebreak "Number of wins+Number of black wins"]
[SourceTitle "playchess.com"]
[Source "ChessBase"]
[SourceQuality "1"]
[TimeControl "180+2"]

1. d4 {[%emt 0:00:00]} d5 {[%emt 0:00:00]} 2. Bf4 {[%emt 0:00:01]} Nc6 {
[%emt 0:00:00]} 3. e3 {[%emt 0:00:01]} Nf6 {[%emt 0:00:00]} 4. Nd2 {[%emt 0:00:
06]} Bg4 {[%emt 0:00:01]} 5. Ngf3 {[%emt 0:00:02]} e6 {[%emt 0:00:01]} 6. Bb5 {
[%emt 0:00:08]} Bd6 {[%emt 0:00:01]} 7. Bg3 {[%emt 0:00:01]} O-O {[%emt 0:00:
07]} 8. O-O {[%emt 0:00:03]} Ne7 {[%emt 0:00:11]} 9. c4 {[%emt 0:00:19]} Bxg3 {
[%emt 0:00:11]} 10. hxg3 {[%emt 0:00:01]} a6 {[%emt 0:00:01]} 11. Ba4 {[%emt 0:
00:01]} dxc4 {[%emt 0:00:01]} 12. Qc1 {[%emt 0:00:14]} b5 {[%emt 0:00:03]} 13.
Bc2 {[%emt 0:00:01]} Bf5 {[%emt 0:00:22]} 14. b3 {[%emt 0:00:11]} c3 {[%emt 0:
00:11]} 15. Nb1 {[%emt 0:00:21]} b4 {[%emt 0:00:00]} 16. a3 {[%emt 0:00:15]} a5
{[%emt 0:00:01]} 17. Ne5 {[%emt 0:00:08]} c5 {[%emt 0:00:15]} 18. Bxf5 {
[%emt 0:00:25]} exf5 {[%emt 0:00:02]} 19. dxc5 {[%emt 0:00:01]} Qd5 {[%emt 0:
00:08]} 20. Nf3 {[%emt 0:00:02]} Qxc5 {[%emt 0:00:04]} 21. Nbd2 {[%emt 0:00:01]
} Rfc8 {[%emt 0:00:41]} 22. Nc4 {[%emt 0:00:04]} a4 {[%emt 0:00:07]} 23. axb4 {
[%emt 0:00:58]} Qxb4 {[%emt 0:00:01]} 24. Qa3 {[%emt 0:00:19]} Qxb3 {[%emt 0:
00:04]} 25. Nce5 0-1

[Event "GER-ch Blitz 2019"]
[Site "Magdeburg"]
[Date "2019.05.25"]
[Round "5.9"]
[White "Hirneise, Jens"]
[Black "Koch, Thomas"]
[Result "0-1"]
[WhiteElo "2375"]
[BlackElo "2474"]
[Annotator "ChessBase"]
[PlyCount "116"]
[EventDate "2019.05.25"]
[EventType "tourn"]
[EventCountry "GER"]
[Tiebreak "Number of wins+Number of black wins"]
[SourceTitle "playchess.com"]
[Source "ChessBase"]
[SourceQuality "1"]
[TimeControl "180+2"]

1. e4 {[%emt 0:00:00]} c5 {[%emt 0:00:00]} 2. Nf3 {[%emt 0:00:00]} d6 {[%emt 0:
00:00]} 3. Nc3 {[%emt 0:00:00]} e5 {[%emt 0:00:01]} 4. Bc4 {[%emt 0:00:03]} Be7
{[%emt 0:00:01]} 5. d3 {[%emt 0:00:00]} Nc6 {[%emt 0:00:02]} 6. Nd2 {[%emt 0:
00:02]} Bg5 {[%emt 0:00:15]} 7. Nf1 {[%emt 0:00:03]} Bxc1 {[%emt 0:00:02]} 8.
Rxc1 {[%emt 0:00:02]} Nf6 {[%emt 0:00:01]} 9. Ne3 {[%emt 0:00:01]} Be6 {
[%emt 0:00:03]} 10. O-O {[%emt 0:00:13]} O-O {[%emt 0:00:02]} 11. Ncd5 {
[%emt 0:00:07]} a6 {[%emt 0:00:13]} 12. c3 {[%emt 0:00:06]} b5 {[%emt 0:00:15]}
13. Nxf6+ Qxf6 {[%emt 0:00:02]} 14. Bd5 {[%emt 0:00:11]} Rac8 {[%emt 0:00:06]}
15. a4 {[%emt 0:00:09]} Rc7 {[%emt 0:00:12]} 16. axb5 {[%emt 0:00:05]} axb5 {
[%emt 0:00:01]} 17. Ra1 {[%emt 0:00:05]} Ne7 {[%emt 0:00:06]} 18. Bxe6 {
[%emt 0:00:12]} fxe6 {[%emt 0:00:08]} 19. Ra6 {[%emt 0:00:03]} Nc6 {[%emt 0:00:
42]} 20. Qb3 {[%emt 0:00:07]} Rb8 {[%emt 0:00:14]} 21. Nd5 {[%emt 0:00:13]}
exd5 {[%emt 0:00:07]} 22. Qxd5+ {[%emt 0:00:01]} Qf7 {[%emt 0:00:18]} 23. Rxc6
{[%emt 0:00:02]} Qxd5 {[%emt 0:00:01]} 24. exd5 {[%emt 0:00:01]} Rxc6 {[%emt 0:
00:01]} 25. dxc6 {[%emt 0:00:02]} Rc8 {[%emt 0:00:00]} 26. Ra1 {[%emt 0:00:06]}
Rxc6 {[%emt 0:00:02]} 27. Ra7 {[%emt 0:00:09]} c4 {[%emt 0:00:09]} 28. dxc4 {
[%emt 0:00:19]} bxc4 {[%emt 0:00:01]} 29. Rb7 {[%emt 0:00:07]} d5 {[%emt 0:00:
16]} 30. Rd7 {[%emt 0:00:24]} Rc5 {[%emt 0:00:08]} 31. g3 {[%emt 0:00:53]} Rb5
{[%emt 0:00:07]} 32. Kg2 {[%emt 0:00:11]} e4 {[%emt 0:00:04]} 33. Kf1 {[%emt 0:
00:06]} h6 {[%emt 0:00:04]} 34. Ke1 {[%emt 0:00:02]} Kh7 {[%emt 0:00:03]} 35.
Rd6 {[%emt 0:00:02]} Kg8 {[%emt 0:00:01]} 36. h4 {[%emt 0:00:00]} Kf7 {[%emt 0:
00:01]} 37. Rd7+ {[%emt 0:00:01]} Kf6 {[%emt 0:00:01]} 38. Kf1 {[%emt 0:00:03]}
g5 {[%emt 0:00:04]} 39. Rd6+ {[%emt 0:00:02]} Ke5 {[%emt 0:00:04]} 40. Rxh6 {
[%emt 0:00:01]} Rxb2 {[%emt 0:00:01]} 41. hxg5 {[%emt 0:00:03]} Rc2 {[%emt 0:
00:01]} 42. Rf6 {[%emt 0:00:03]} Rxc3 {[%emt 0:00:04]} 43. Rf8 {[%emt 0:00:01]}
Ra3 {[%emt 0:00:10]} 44. g6 {[%emt 0:00:01]} Ra7 {[%emt 0:00:01]} 45. Rf7 {
[%emt 0:00:03]} Ra8 {[%emt 0:00:00]} 46. g7 {[%emt 0:00:02]} Rg8 {[%emt 0:00:
02]} 47. Kg2 {[%emt 0:00:00]} Ke6 {[%emt 0:00:00]} 48. Rc7 {[%emt 0:00:01]} Kf6
{[%emt 0:00:02]} 49. Rc5 {[%emt 0:00:02]} Ke6 {[%emt 0:00:04]} 50. Rc7 {
[%emt 0:00:03]} Kd6 {[%emt 0:00:00]} 51. Ra7 {[%emt 0:00:04]} c3 {[%emt 0:00:
02]} 52. Kf1 {[%emt 0:00:03]} c2 {[%emt 0:00:00]} 53. Ra1 {[%emt 0:00:01]} Rxg7
{[%emt 0:00:02]} 54. Rc1 {[%emt 0:00:03]} Rc7 {[%emt 0:00:01]} 55. Ke2 {
[%emt 0:00:01]} Ke5 {[%emt 0:00:11]} 56. Kd2 {[%emt 0:00:00]} Rf7 {[%emt 0:00:
04]} 57. Rxc2 {[%emt 0:00:04]} Rxf2+ {[%emt 0:00:01]} 58. Kd1 {[%emt 0:00:03]}
Rxc2 {[%emt 0:00:01]} 0-1

[Event "GER-ch Blitz 2019"]
[Site "Magdeburg"]
[Date "2019.05.25"]
[Round "5.10"]
[White "Wichmann, Cliff"]
[Black "Stern, Rene"]
[Result "1/2-1/2"]
[WhiteElo "2280"]
[BlackElo "2538"]
[Annotator "ChessBase"]
[PlyCount "51"]
[EventDate "2019.05.25"]
[EventType "tourn"]
[EventCountry "GER"]
[Tiebreak "Number of wins+Number of black wins"]
[SourceTitle "playchess.com"]
[Source "ChessBase"]
[SourceQuality "1"]
[TimeControl "180+2"]

1. d4 {[%emt 0:00:00]} d5 {[%emt 0:00:00]} 2. c4 {[%emt 0:00:00]} e6 {[%emt 0:
00:00]} 3. Nf3 {[%emt 0:00:01]} Nf6 {[%emt 0:00:00]} 4. Nc3 {[%emt 0:00:02]}
Nbd7 {[%emt 0:00:02]} 5. cxd5 {[%emt 0:00:02]} exd5 {[%emt 0:00:02]} 6. Bf4 {
[%emt 0:00:01]} c6 {[%emt 0:00:02]} 7. e3 {[%emt 0:00:01]} Nb6 {[%emt 0:00:01]}
8. Bd3 {[%emt 0:00:02]} Bg4 {[%emt 0:00:01]} 9. h3 {[%emt 0:00:02]} Bxf3 {
[%emt 0:00:02]} 10. Qxf3 {[%emt 0:00:01]} Bd6 {[%emt 0:00:01]} 11. O-O {
[%emt 0:00:04]} Bxf4 {[%emt 0:00:01]} 12. Qxf4 {[%emt 0:00:01]} O-O {[%emt 0:
00:02]} 13. Rac1 {[%emt 0:00:09]} Qe7 {[%emt 0:00:09]} 14. a3 {[%emt 0:00:04]}
Ne8 {[%emt 0:00:12]} 15. e4 {[%emt 0:00:08]} dxe4 {[%emt 0:00:02]} 16. Nxe4 {
[%emt 0:00:02]} Nd5 {[%emt 0:00:02]} 17. Qg3 {[%emt 0:00:11]} Nef6 {[%emt 0:00:
14]} 18. Ng5 {[%emt 0:00:23]} Rfe8 {[%emt 0:00:11]} 19. Rc2 {[%emt 0:00:15]} h6
{[%emt 0:00:10]} 20. Nf3 {[%emt 0:00:04]} Ne4 {[%emt 0:00:14]} 21. Qg4 {
[%emt 0:00:14]} Qe6 {[%emt 0:00:21]} 22. Qxe6 {[%emt 0:00:45]} Rxe6 {[%emt 0:
00:01]} 23. Re1 {[%emt 0:00:02]} Rae8 {[%emt 0:00:17]} 24. Rce2 {[%emt 0:00:01]
} f5 {[%emt 0:00:11]} 25. g3 {[%emt 0:00:01]} g6 {[%emt 0:00:09]} 26. Ne5 {
[%emt 0:00:02]} 1/2-1/2

[Event "GER-ch Blitz 2019"]
[Site "Magdeburg"]
[Date "2019.05.25"]
[Round "5.11"]
[White "Schulz, Karsten"]
[Black "Feuerstack, Aljoscha"]
[Result "1/2-1/2"]
[WhiteElo "2227"]
[BlackElo "2441"]
[Annotator "NA"]
[PlyCount "85"]
[EventDate "2019.05.25"]
[EventType "tourn"]
[EventCountry "GER"]
[Tiebreak "Number of wins+Number of black wins"]
[SourceTitle "playchess.com"]
[Source "ChessBase"]
[SourceQuality "1"]
[TimeControl "180+2"]

1. Nf3 {[%emt 0:00:00]} d5 {[%emt 0:00:00]} 2. c4 {[%emt 0:00:00]} c6 {[%emt 0:
00:00]} 3. g3 {[%emt 0:00:01]} Bf5 {[%emt 0:00:02]} 4. Bg2 {[%emt 0:00:02]} e6
{[%emt 0:00:00]} 5. O-O {[%emt 0:00:06]} h6 {[%emt 0:00:02]} 6. cxd5 {[%emt 0:
00:05]} cxd5 {[%emt 0:00:05]} 7. Qb3 {[%emt 0:00:02]} Qd7 {[%emt 0:00:10]} 8.
Ne5 {[%emt 0:00:07]} Qc7 {[%emt 0:00:01]} 9. Nc3 {[%emt 0:00:10]} Nd7 {[%emt 0:
00:17]} 10. Nxd7 {[%emt 0:00:07]} Qxd7 {[%emt 0:00:03]} 11. d3 {[%emt 0:00:04]}
Bg6 {[%emt 0:00:34]} 12. e4 {[%emt 0:00:07]} d4 {[%emt 0:00:02]} 13. Nb5 {
[%emt 0:00:10]} a6 {[%emt 0:00:38]} 14. Na3 {[%emt 0:00:01]} Bxa3 {[%emt 0:00:
02]} 15. Qxa3 {[%emt 0:00:02]} Ne7 {[%emt 0:00:02]} 16. Bf4 {[%emt 0:00:11]}
O-O {[%emt 0:00:02]} 17. Rac1 {[%emt 0:00:29]} Nc6 {[%emt 0:00:29]} 18. Qd6 {
[%emt 0:00:14]} Rfd8 {[%emt 0:00:09]} 19. Qxd7 {[%emt 0:00:05]} Rxd7 {[%emt 0:
00:01]} 20. a3 {[%emt 0:00:03]} e5 {[%emt 0:00:14]} 21. Bd2 {[%emt 0:00:01]}
Bh5 {[%emt 0:00:01]} 22. f3 {[%emt 0:00:05]} f6 {[%emt 0:00:01]} 23. Kf2 {
[%emt 0:00:02]} Be8 {[%emt 0:00:07]} 24. Rc5 {[%emt 0:00:02]} Kf8 {[%emt 0:00:
05]} 25. Rfc1 {[%emt 0:00:01]} Ke7 {[%emt 0:00:04]} 26. Bh3 {[%emt 0:00:04]}
Rdd8 {[%emt 0:00:01]} 27. b4 {[%emt 0:00:03]} Bd7 {[%emt 0:00:03]} 28. Bf1 {
[%emt 0:00:01]} Kd6 {[%emt 0:00:03]} 29. f4 {[%emt 0:00:01]} Rac8 {[%emt 0:00:
04]} 30. Be2 {[%emt 0:00:04]} Na7 {[%emt 0:00:02]} 31. Bd1 {[%emt 0:00:10]} Bb5
{[%emt 0:00:04]} 32. Ke2 {[%emt 0:00:10]} Rxc5 {[%emt 0:00:09]} 33. Rxc5 {
[%emt 0:00:02]} Rc8 {[%emt 0:00:00]} 34. fxe5+ {[%emt 0:00:05]} fxe5 {[%emt 0:
00:02]} 35. Rd5+ {[%emt 0:00:05]} Ke6 {[%emt 0:00:01]} 36. Ke1 {[%emt 0:00:07]}
Re8 {[%emt 0:00:13]} 37. Bb3 {[%emt 0:00:15]} Kf6 {[%emt 0:00:04]} 38. Ke2 {
[%emt 0:00:06]} Nc8 {[%emt 0:00:03]} 39. Rc5 {[%emt 0:00:08]} Ne7 {[%emt 0:00:
02]} 40. Rc7 {[%emt 0:00:05]} Bc6 {[%emt 0:00:02]} 41. a4 {[%emt 0:00:07]} Rc8
{[%emt 0:00:01]} 42. Rxc8 {[%emt 0:00:10]} Nxc8 {[%emt 0:00:00]} 43. Be1 {
[%emt 0:00:02]} 1/2-1/2